[Event "Rottach Egern Seniors Cup 10th"]
[Site "Rottach Egern"]
[Date "2022.03.30"]
[Round "5"]
[White "Verhoef, Helge"]
[Black "Walter, Mario E"]
[Result "1/2-1/2"]
[WhiteElo "2009"]
[BlackElo "1872"]
[PlyCount "28"]
[EventDate "2022.03.26"]
[EventType "swiss"]
[EventRounds "9"]
[EventCountry "GER"]
[SourceTitle "CBM 207 Extra"]
[Source "ChessBase"]
[SourceDate "2022.05.31"]
[SourceVersion "1"]
[SourceVersionDate "2022.05.31"]
[SourceQuality "1"]

1. Nf3 e6 2. g3 f5 3. Bg2 Nf6 4. b3 d5 5. Bb2 Be7 6. 0-0 0-0 7. d3 c5 8. Nbd2 b6 9. c4 Bb7 10. Qc2 Qc8 11. Rac1 Nc6 12. cxd5 exd5 13. d4 Ne4 14. e3 Ba6 1/2-1/2

[Event "Oberliga Nord W 1415"]
[Site "Germany"]
[Date "2015.03.15"]
[Round "8.6"]
[White "Buchal, Stephan"]
[Black "Verhoef, Helge"]
[Result "1/2-1/2"]
[WhiteElo "2295"]
[BlackElo "2062"]
[PlyCount "37"]
[EventDate "2014.09.22"]
[EventType "team-tourn"]
[EventRounds "9"]
[EventCountry "GER"]
[SourceTitle "EXT 2016"]
[Source "ChessBase"]
[SourceDate "2015.10.08"]
[SourceVersion "1"]
[SourceVersionDate "2015.10.08"]
[SourceQuality "1"]
[WhiteTeam "Werder Bremen II"]
[BlackTeam "Hildesheim"]
[WhiteTeamCountry "GER"]
[BlackTeamCountry "GER"]

1. c4 e5 2. g3 Nf6 3. Bg2 d5 4. cxd5 Nxd5 5. Nc3 Nb6 6. Nf3 Nc6 7. 0-0 Be7 8. a3 0-0 9. b4 Be6 10. Rb1 f6 11. d3 Qd7 12. Ne4 Nd8 13. Qc2 Rc8 14. Rd1 Qa4 15. Qd2 c5 16. bxc5 Bxc5 17. Bb2 Be7 18. Rdc1 Nf7 19. Nc3 1/2-1/2

[Event "Oberliga Nord W 1415"]
[Site "Germany"]
[Date "2015.01.18"]
[Round "5.7"]
[White "Rother, Moritz"]
[Black "Verhoef, Helge"]
[Result "1/2-1/2"]
[WhiteElo "2130"]
[BlackElo "2054"]
[PlyCount "33"]
[EventDate "2014.09.22"]
[EventType "team-tourn"]
[EventRounds "9"]
[EventCountry "GER"]
[SourceTitle "EXT 2016"]
[Source "ChessBase"]
[SourceDate "2015.10.08"]
[SourceVersion "1"]
[SourceVersionDate "2015.10.08"]
[SourceQuality "1"]
[WhiteTeam "Goettingen Tempo"]
[BlackTeam "Hildesheim"]
[WhiteTeamCountry "GER"]
[BlackTeamCountry "GER"]

1. e4 Nf6 2. e5 Nd5 3. d4 d6 4. c4 Nb6 5. f4 dxe5 6. fxe5 Nc6 7. Be3 Bf5 8. Nc3 e6 9. Nf3 Qd7 10. Qd2 0-0-0 11. Rd1 f6 12. exf6 gxf6 13. Be2 Rg8 14. Nh4 Bg4 15. d5 Qe7 16. Qc1 exd5 17. Bxg4+ 1/2-1/2

[Event "Oberliga Nord W 1415"]
[Site "Germany"]
[Date "2014.10.19"]
[Round "2.5"]
[White "Verhoef, Helge"]
[Black "Bierenbroodspot, Paul"]
[Result "1/2-1/2"]
[WhiteElo "2061"]
[BlackElo "2123"]
[PlyCount "73"]
[EventDate "2014.09.22"]
[EventType "team-tourn"]
[EventRounds "9"]
[EventCountry "GER"]
[SourceTitle "EXT 2016"]
[Source "ChessBase"]
[SourceDate "2015.10.08"]
[SourceVersion "1"]
[SourceVersionDate "2015.10.08"]
[SourceQuality "1"]
[WhiteTeam "Hildesheim"]
[BlackTeam "Nordhorn Blanke"]
[WhiteTeamCountry "GER"]
[BlackTeamCountry "GER"]

1. d4 d5 2. c4 c6 3. Nf3 e6 4. cxd5 exd5 5. Nc3 Nf6 6. Bg5 Be7 7. e3 Ne4 8. Bxe7 Qxe7 9. Nxe4 dxe4 10. Ne5 Be6 11. a3 0-0 12. Qc2 f6 13. Nc4 Bd5 14. Nd2 b5 15. g3 Nd7 16. Bg2 f5 17. 0-0 c5 18. Nb3 Bc4 19. Rfe1 Bd3 20. Qd2 c4 21. Nc1 a5 22. f3 Nf6 23. Nxd3 cxd3 24. Rac1 b4 25. Rc5 Nd7 26. Rc7 Rac8 27. Rec1 Rxc7 28. Rxc7 Qd6 29. Rxd7 Qxd7 30. fxe4 Qb5 31. exf5 bxa3 32. bxa3 Qxf5 33. e4 Qb5 34. Bf1 Qc4 35. Qxd3 Rxf1+ 36. Qxf1 Qxd4+ 37. Kg2 1/2-1/2

[Event "Latschach op 30th"]
[Site "Latschach"]
[Date "2014.08.10"]
[Round "2"]
[White "Rotstein, Arkadij"]
[Black "Verhoef, Helge"]
[Result "1-0"]
[WhiteElo "2497"]
[BlackElo "2066"]
[PlyCount "63"]
[EventDate "2014.08.09"]
[EventType "swiss"]
[EventRounds "9"]
[EventCountry "AUT"]
[SourceTitle "CBM 161 Extra"]
[Source "ChessBase"]
[SourceDate "2014.08.29"]
[SourceVersion "1"]
[SourceVersionDate "2014.08.29"]
[SourceQuality "1"]

1. g3 d5 2. Bg2 e5 3. d3 Nf6 4. Nf3 Nbd7 5. 0-0 Be7 6. c4 c6 7. cxd5 cxd5 8. e4 d4 9. Nbd2 0-0 10. Nc4 Qc7 11. a4 Nxe4 12. Re1 Nd6 13. Ncxe5 Nxe5 14. Nxe5 Be6 15. Bf4 Rac8 16. Rc1 Qb6 17. Nd7 Bxd7 18. Rxe7 Rxc1 19. Qxc1 Bxa4 20. Qc7 Qxc7 21. Rxc7 Nc8 22. Bxb7 Nb6 23. Be4 a6 24. Be5 Rd8 25. Ra7 Bb5 26. Bc7 Nc8 27. Ra8 Rf8 28. Bf5 Ne7 29. Bxh7+ Kxh7 30. Rxf8 Bxd3 31. Rxf7 Nd5 32. Be5 1-0

[Event "GER-ch46 V04 email"]
[Site "GER email"]
[Date "2014.04.03"]
[Round "?"]
[White "Franke, Heiko"]
[Black "Verhoef, Helge"]
[Result "1/2-1/2"]
[WhiteElo "2023"]
[BlackElo "2185"]
[PlyCount "55"]
[EventDate "2014.04.16"]
[EventType "tourn (corr)"]
[EventRounds "8"]
[EventCountry "GER"]
[SourceTitle "Corr 2015"]
[Source "ChessBase"]
[SourceDate "2015.07.17"]
[SourceVersion "1"]
[SourceVersionDate "2015.07.17"]
[SourceQuality "1"]

1. c4 e5 2. g3 Nf6 3. Bg2 d5 4. cxd5 Nxd5 5. Nf3 Nc6 6. 0-0 Nb6 7. b3 Be7 8. Bb2 f6 9. Nc3 0-0 10. Rc1 Be6 11. Ne4 Qe8 12. Nc5 Bxc5 13. Rxc5 Rd8 14. Qc1 Nd5 15. Qb1 Rf7 16. d3 Rfd7 17. a3 Nb6 18. Qc2 Bd5 19. b4 a6 20. Nd2 Bxg2 21. Kxg2 Nd5 22. Nb3 Nce7 23. e4 b6 24. Rc4 b5 25. Rc5 Nf4+ 26. gxf4 Qh5 27. d4 Qg4+ 28. Kh1 1/2-1/2

[Event "GER-ch46 V04 email"]
[Site "GER email"]
[Date "2014.04.03"]
[Round "?"]
[White "Verhoef, Helge"]
[Black "Schmidt, Joerg"]
[Result "0-1"]
[WhiteElo "2185"]
[BlackElo "2058"]
[PlyCount "112"]
[EventDate "2014.04.16"]
[EventType "tourn (corr)"]
[EventRounds "8"]
[EventCountry "GER"]
[SourceTitle "Corr 2020"]
[Source "ChessBase"]
[SourceDate "2019.09.30"]
[SourceVersion "1"]
[SourceVersionDate "2019.09.30"]
[SourceQuality "1"]

1. e4 e6 2. d4 d5 3. Nc3 Nf6 4. e5 Nfd7 5. f4 c5 6. Nf3 Nc6 7. Be3 Be7 8. Qd2 0-0 9. dxc5 Bxc5 10. 0-0-0 Qa5 11. Bxc5 Qxc5 12. Kb1 Rb8 13. Bd3 f6 14. exf6 Nxf6 15. Rhe1 b5 16. Ne2 g6 17. Neg1 a5 18. Nh3 a4 19. Nhg5 a3 20. b3 b4 21. Rc1 h6 22. Nh3 Kg7 23. Nf2 Bd7 24. g3 Qb6 25. Qe3 Qxe3 26. Rxe3 Rb6 27. Re2 g5 28. Rg1 g4 29. Ne5 Nd4 30. Re3 h5 31. h3 Rh8 32. hxg4 hxg4 33. Nfxg4 Nxg4 34. Nxg4 Bb5 35. Rge1 Bxd3 36. Rxd3 Nb5 37. Rde3 Nc3+ 38. Ka1 Rh3 39. Rf3 Rc6 40. f5 exf5 41. Rxf5 Rg6 42. Ne3 d4 43. Nd5 Re6 44. Rc1 Rh2 45. Nxb4 Rhe2 46. Rff1 R6e3 47. g4 Rg3 48. g5 Rxg5 49. Rf3 Rd2 50. Rff1 Rgg2 51. Rce1 Rdf2 52. Rh1 Re2 53. Rc1 d3 54. Nxd3 Rxc2 55. Rxc2 Rxc2 56. Rg1+ Kh6 0-1

[Event "Latschach op 28th"]
[Site "Latschach"]
[Date "2012.08.16"]
[Round "7"]
[White "Kersic, Matej"]
[Black "Verhoef, Helge"]
[Result "1/2-1/2"]
[WhiteElo "2196"]
[BlackElo "2053"]
[PlyCount "51"]
[EventDate "2012.08.11"]
[EventType "swiss"]
[EventRounds "9"]
[EventCountry "AUT"]
[SourceTitle "CBM 149 Extra"]
[Source "ChessBase"]
[SourceDate "2012.08.24"]
[SourceVersion "1"]
[SourceVersionDate "2012.08.24"]
[SourceQuality "1"]

1. e4 c5 2. Nf3 d6 3. d4 cxd4 4. Nxd4 Nf6 5. Nc3 a6 6. f3 e5 7. Nb3 Be6 8. Be3 Be7 9. Qd2 Qc7 10. 0-0-0 Nbd7 11. g4 Nb6 12. Kb1 Nc4 13. Bxc4 Bxc4 14. g5 Nd7 15. h4 Nc5 16. f4 0-0-0 17. f5 f6 18. Qg2 Kb8 19. Nxc5 dxc5 20. b3 Qa5 21. Bd2 Qb6 22. Bc1 Bf7 23. Nd5 Bxd5 24. Rxd5 Rxd5 25. exd5 c4 26. Qe4 1/2-1/2